Presidential Slogans Quiz - Statistics

General Stats
  • This quiz has been taken 30 times
  • The average score is 6 of 15
Answer Stats
Slogan Candidate % Correct
Make America Great Again! Donald Trump
100%
I Like Ike! Dwight D. Eisenhower
77%
Not Just Peanuts! Jimmy Carter
55%
Build Back Better! Joe Biden
50%
Tippecanoe And_____Too! John Tyler
50%
A Time For Greatness! John F. Kennedy
45%
It's The Economy, Stupid! Bill Clinton
41%
Union, Liberty, Peace! Abraham Lincoln
32%
54-40 Or Fight! James K. Polk
32%
When We Fight, We Win! Kamala Harris
32%
_____Now! Richard Nixon
32%
Keep Cool and Keep ________! Calvin Coolidge
27%
Happy Days Are Here Again! Franklin D. Roosevelt
27%
Believe In America! Mitt Romney
23%
Declare Your Independence! Robert F. Kennedy Jr.
18%
No matching quizzes found
Score Distribution
Percent of People with Each Score
Percentile by Number Answered
Your Score History
You have not taken this quiz